Theories and strategies in counseling and psychotherapy / (Record no. 1636)
[ view plain ]
| 000 -LEADER | |
|---|---|
| fixed length control field | 00627pam a2200205 4500 |
| 001 - CONTROL NUMBER | |
| control field | 2088 |
| 005 - DATE AND TIME OF LATEST TRANSACTION | |
| control field | 20181127164533.0 |
| 008 - FIXED-LENGTH DATA ELEMENTS--GENERAL INFORMATION | |
| fixed length control field | 970501s1998 mau b 001 0 eng |
| 010 ## - LIBRARY OF CONGRESS CONTROL NUMBER | |
| LC control number | 97020362 |
| 020 ## - INTERNATIONAL STANDARD BOOK NUMBER | |
| International Standard Book Number | 0205268323 |
| 100 1# - MAIN ENTRY--PERSONAL NAME | |
| Personal name | Gilliland, Burl E. |
| 245 10 - TITLE STATEMENT | |
| Title | Theories and strategies in counseling and psychotherapy / |
| Statement of responsibility, etc. | Burl E. Gilliland, Richard K. James. |
| 250 ## - EDITION STATEMENT | |
| Edition statement | 4th ed. |
| 260 ## - PUBLICATION, DISTRIBUTION, ETC. | |
| Place of publication, distribution, etc. | Boston : |
| Name of publisher, distributor, etc. | Allyn and Bacon, |
| Date of publication, distribution, etc. | 1998. |
| 300 ## - PHYSICAL DESCRIPTION | |
| Extent | xi, 436 p. ; |
| Dimensions | 24 cm. |
| 504 ## - BIBLIOGRAPHY, ETC. NOTE | |
| Bibliography, etc. note | Includes bibliographical references and index. |
| 650 #0 - SUBJECT ADDED ENTRY--TOPICAL TERM | |
| Topical term or geographic name entry element | Counseling. |
| Topical term or geographic name entry element | Psychotherapy. |
| 700 1# - ADDED ENTRY--PERSONAL NAME | |
| Personal name | James, Richard K., |
| Dates associated with a name | 1942- |
| Withdrawn status | Lost status | Source of classification or shelving scheme | Damaged status | Not for loan | Collection code | Home library | Current library | Shelving location | Date acquired | Serial Enumeration / chronology | Inventory number | Total Checkouts | Total Renewals | Full call number | Barcode | Date last seen | Date last checked out | Copy number | Price effective from | Koha item type |
|---|---|---|---|---|---|---|---|---|---|---|---|---|---|---|---|---|---|---|---|---|
| Dewey Decimal Classification | Main TEST | RTC Library | RTC Library | Main opac | 31/01/2024 | 638 | 1 | 1 | 616.89 GIL | 30003274 | 16/05/2024 | 31/01/2024 | 27/11/2018 | Main |